[Event "Magistral Vince Toth 4th"]
[Site "Rio de Janeiro"]
[Date "2002.08.11"]
[Round "7"]
[White "Cubas, Jose Fernando"]
[Black "Crosa Coll, Martin"]
[Result "1/2-1/2"]
[WhiteElo "2370"]
[BlackElo "2441"]
[PlyCount "77"]
[EventDate "2002.08.06"]
[EventType "tourn"]
[EventRounds "11"]
[EventCountry "BRA"]
[EventCategory "4"]
[SourceTitle "CBM 089 Extra"]
[Source "ChessBase"]
[SourceDate "2002.09.10"]
[SourceVersion "2"]
[SourceVersionDate "2002.09.10"]
[SourceQuality "1"]

1. e4 c5 2. f4 e6 3. Nf3 Nc6 4. d3 g6 5. g3 Bg7 6. Bg2 Nge7 7. O-O Rb8 8. c3 d5
9. e5 O-O 10. Be3 d4 11. Bf2 dxc3 12. Nxc3 b6 13. d4 Ba6 14. Re1 c4 15. Qa4 Na5
16. b4 cxb3 17. axb3 Bb7 18. b4 Rc8 19. Rec1 Nc4 20. Qxa7 Bxf3 21. Bxf3 Nd2 22.
Bd1 Nc6 23. Qa2 Nxd4 24. Kg2 Nc4 25. Be2 Nxe2 26. Qxe2 Qe7 27. Ne4 Qxb4 28.
Rcb1 Qe7 29. Ra4 Qc7 30. Rbb4 Na5 31. Rxb6 Rb8 32. Qb5 Rxb6 33. Bxb6 Qc2+ 34.
Nf2 Qc6+ 35. Qxc6 Nxc6 36. Bc5 Rb8 37. Ne4 h6 38. Bd6 Rb2+ 39. Kh3 1/2-1/2

[Event "Magistral Vince Toth 4th"]
[Site "Rio de Janeiro"]
[Date "2002.08.11"]
[Round "8"]
[White "Miranda, Marcio MC"]
[Black "Cubas, Jose Fernando"]
[Result "0-1"]
[WhiteElo "2279"]
[BlackElo "2370"]
[PlyCount "108"]
[EventDate "2002.08.06"]
[EventType "tourn"]
[EventRounds "11"]
[EventCountry "BRA"]
[EventCategory "4"]
[SourceTitle "CBM 089 Extra"]
[Source "ChessBase"]
[SourceDate "2002.09.10"]
[SourceVersion "2"]
[SourceVersionDate "2002.09.10"]
[SourceQuality "1"]

1. d4 d5 2. c4 c6 3. Nf3 Nf6 4. e3 a6 5. Nc3 b5 6. cxd5 cxd5 7. Bd3 Bb7 8. Ne5
e6 9. O-O Bd6 10. f4 O-O 11. Qf3 b4 12. Ne2 Ne4 13. Qh3 Qe7 14. Bd2 f6 15. Bxe4
dxe4 16. Nc4 f5 17. Nxd6 Qxd6 18. a3 a5 19. axb4 axb4 20. Rxa8 Bxa8 21. Ra1 Bd5
22. Qg3 Nc6 23. Qe1 Bc4 24. Nc1 Rb8 25. h3 Qd7 26. Kh2 Qb7 27. b3 Bd3 28. Ra4
Bb5 29. Ra2 Bd3 30. Nxd3 exd3 31. Qa1 Qb5 32. Ra6 Kf7 33. Ra4 Qd5 34. Qd1 Kg8
35. Ra6 g6 36. Qb1 Qb5 37. Ra4 Kf7 38. Qe1 Rb7 39. Qa1 Ke7 40. d5 exd5 41. Qg7+
Kd6 42. Qf8+ Kc7 43. Ra8 Kb6 44. Qd6 Rc7 45. Ra4 Kb7 46. Bxb4 Rf7 47. Qe6 Rc7
48. Qd6 Re7 49. Bc5 d2 50. Ra7+ Nxa7 51. Qxe7+ Kc6 52. Bxa7 Qxb3 53. Qe8+ Kc7
54. Qe5+ Kc8 0-1

[Event "Magistral Vince Toth 4th"]
[Site "Rio de Janeiro"]
[Date "2002.08.12"]
[Round "9"]
[White "Cubas, Jose Fernando"]
[Black "Limp, Eduardo Thelio"]
[Result "1-0"]
[WhiteElo "2370"]
[BlackElo "2399"]
[PlyCount "119"]
[EventDate "2002.08.06"]
[EventType "tourn"]
[EventRounds "11"]
[EventCountry "BRA"]
[EventCategory "4"]
[SourceTitle "CBM 089 Extra"]
[Source "ChessBase"]
[SourceDate "2002.09.10"]
[SourceVersion "2"]
[SourceVersionDate "2002.09.10"]
[SourceQuality "1"]

1. e4 c5 2. f4 d6 3. Nf3 Nc6 4. d3 g6 5. g3 Bg7 6. Bg2 e6 7. c3 Nge7 8. Be3 O-O
9. O-O b6 10. Bf2 Bb7 11. Na3 Qd7 12. Re1 h6 13. Nc2 f5 14. exf5 exf5 15. d4
Qc7 16. Qe2 Rae8 17. Rad1 Nd8 18. dxc5 dxc5 19. Ne5 Bxg2 20. Kxg2 Bxe5 21. Qxe5
Qxe5 22. Rxe5 Nec6 23. Red5 Re2 24. R1d2 Rfe8 25. b4 Nb7 26. Kf3 Rxd2 27. Rxd2
cxb4 28. cxb4 Rd8 29. Rxd8+ Nbxd8 30. b5 Ne7 31. Ke3 Kf7 32. Kd4 Ke6 33. Kc4
Nb7 34. Nd4+ Kd7 35. Be1 Nd6+ 36. Kd3 h5 37. a4 Ne4 38. Kc4 Nd6+ 39. Kb3 Ne4
40. a5 bxa5 41. Ka4 Kd6 42. Kxa5 Kd5 43. Nf3 Kc4 44. Ne5+ Kd4 45. Bb4 Nd5 46.
Nxg6 Ke3 47. Nh4 Kf2 48. Nxf5 Kg2 49. Ng7 Kxh2 50. Nxh5 Kh3 51. f5 Kg4 52. f6
Nexf6 53. Nxf6+ Nxf6 54. Bd6 Ne4 55. Bb8 Nc3 56. Ka6 Kf3 57. Be5 Nd5 58. Kxa7
Ke4 59. Bd6 Kf5 60. b6 1-0

[Event "Magistral Vince Toth 4th"]
[Site "Rio de Janeiro"]
[Date "2002.08.14"]
[Round "11"]
[White "Needleman, Alejandro"]
[Black "Cubas, Jose Fernando"]
[Result "1/2-1/2"]
[WhiteElo "2422"]
[BlackElo "2370"]
[PlyCount "89"]
[EventDate "2002.08.06"]
[EventType "tourn"]
[EventRounds "11"]
[EventCountry "BRA"]
[EventCategory "4"]
[SourceTitle "CBM 089 Extra"]
[Source "ChessBase"]
[SourceDate "2002.09.10"]
[SourceVersion "2"]
[SourceVersionDate "2002.09.10"]
[SourceQuality "1"]

1. e4 d5 2. exd5 Nf6 3. Bb5+ Bd7 4. Be2 Nxd5 5. d4 Bf5 6. Nf3 e6 7. O-O Be7 8.
c3 O-O 9. Qb3 Qc8 10. Ne5 c5 11. dxc5 Qc7 12. Nd3 Nd7 13. c4 Bxd3 14. Bxd3 Nxc5
15. Bxh7+ Kxh7 16. Qc2+ Kg8 17. cxd5 exd5 18. Be3 Rfd8 19. Rd1 Rac8 20. Bd4 Bd6
21. g3 Be5 22. Nc3 Ne6 23. Bxe5 Qxe5 24. Re1 Qf6 25. Qd1 Qf5 26. Qb1 Qxb1 27.
Raxb1 d4 28. Ne4 Rc2 29. Kf1 Rdc8 30. Red1 f5 31. Nd6 Rd8 32. Nxb7 Rd5 33. b4
Ng5 34. Nc5 Rxa2 35. Ra1 Rc2 36. Rxa7 Ne4 37. Nxe4 fxe4 38. Re7 Rf5 39. Re8+
Kf7 40. Rxe4 Rfxf2+ 41. Kg1 Rg2+ 42. Kf1 Rxh2 43. Kg1 Rcg2+ 44. Kf1 Rb2 45. Kg1
1/2-1/2

[Event "Sao Paulo-ch 7th leg"]
[Site "Sao Paulo"]
[Date "2002.??.??"]
[Round "2"]
[White "Cubas, Jose Fernando"]
[Black "Fernandes, Felipe"]
[Result "1-0"]
[WhiteElo "2370"]
[BlackElo "2110"]
[PlyCount "58"]
[EventDate "2002.08.23"]
[EventType "swiss"]
[EventRounds "5"]
[EventCountry "BRA"]
[SourceTitle "EXT 2003"]
[Source "ChessBase"]
[SourceDate "2002.11.25"]
[SourceVersion "1"]
[SourceVersionDate "2002.11.25"]
[SourceQuality "1"]

1. e4 c5 2. Nf3 e6 3. d4 cxd4 4. Nxd4 Nf6 5. Nc3 Nc6 6. Ndb5 Bb4 7. a3 Bxc3+ 8.
Nxc3 d5 9. exd5 exd5 10. Bd3 Bg4 11. f3 Bh5 12. O-O O-O 13. Bg5 Qb6+ 14. Kh1
Ne7 15. Re1 Rfe8 16. Bb5 Nc6 17. Bxf6 Rxe1+ 18. Qxe1 gxf6 19. Nxd5 Qxb5 20. Nc7
Qxb2 21. Nxa8 Nd4 22. Rd1 Nxf3 23. Qg3+ Ng5 24. Rd8+ Kg7 25. h4 Qxc2 26. hxg5
Qc1+ 27. Kh2 fxg5 28. Nc7 Qf1 29. Ne8+ Kg6 1-0

[Event "Sao Paulo-ch 7th leg"]
[Site "Sao Paulo"]
[Date "2002.??.??"]
[Round "3"]
[White "Santos, Alexandre"]
[Black "Cubas, Jose Fernando"]
[Result "0-1"]
[WhiteElo "2045"]
[BlackElo "2370"]
[PlyCount "44"]
[EventDate "2002.08.23"]
[EventType "swiss"]
[EventRounds "5"]
[EventCountry "BRA"]
[SourceTitle "EXT 2003"]
[Source "ChessBase"]
[SourceDate "2002.11.25"]
[SourceVersion "1"]
[SourceVersionDate "2002.11.25"]
[SourceQuality "1"]

1. e4 d5 2. exd5 Nf6 3. d4 Bg4 4. f3 Bf5 5. Bb5+ Nbd7 6. c4 e6 7. dxe6 Bxe6 8.
d5 Bf5 9. Nc3 Qe7+ 10. Qe2 O-O-O 11. Qxe7 Bxe7 12. Bxd7+ Rxd7 13. a3 Re8 14.
Nge2 Bd3 15. b3 Nxd5 16. cxd5 Bf6 17. Kd2 Bxe2 18. Re1 Bg5+ 19. Kc2 Bd3+ 20.
Kb2 Rxe1 21. Bxg5 Rxa1 22. Kxa1 Bf1 0-1

[Event "Sao Paulo-ch 7th leg"]
[Site "Sao Paulo"]
[Date "2002.??.??"]
[Round "4"]
[White "Cubas, Jose Fernando"]
[Black "Santos, Raul"]
[Result "1-0"]
[WhiteElo "2370"]
[BlackElo "1880"]
[PlyCount "41"]
[EventDate "2002.08.23"]
[EventType "swiss"]
[EventRounds "5"]
[EventCountry "BRA"]
[SourceTitle "EXT 2003"]
[Source "ChessBase"]
[SourceDate "2002.11.25"]
[SourceVersion "1"]
[SourceVersionDate "2002.11.25"]
[SourceQuality "1"]

1. e4 e5 2. d4 exd4 3. Qxd4 d6 4. Nc3 Nc6 5. Qe3 Nf6 6. Bd2 Be7 7. O-O-O O-O 8.
Bc4 Be6 9. Bb3 Ng4 10. Qf4 Nf6 11. Nf3 h6 12. Nd5 Nd7 13. Qg3 Kh7 14. Bc3 Rg8
15. h4 Bxd5 16. Bxd5 Bf6 17. Bxf7 Rf8 18. Qg6+ Kh8 19. Ng5 Bxg5+ 20. hxg5 Nce5
21. Rxh6+ 1-0

[Event "Sao Paulo-ch 7th leg"]
[Site "Sao Paulo"]
[Date "2002.??.??"]
[Round "5"]
[White "Loureiro, Luiz R Vasconcelos"]
[Black "Cubas, Jose Fernando"]
[Result "1/2-1/2"]
[WhiteElo "2342"]
[BlackElo "2370"]
[PlyCount "115"]
[EventDate "2002.08.23"]
[EventType "swiss"]
[EventRounds "5"]
[EventCountry "BRA"]
[SourceTitle "EXT 2003"]
[Source "ChessBase"]
[SourceDate "2002.11.25"]
[SourceVersion "1"]
[SourceVersionDate "2002.11.25"]
[SourceQuality "1"]

1. d4 d5 2. c4 c6 3. Nc3 Nf6 4. Nf3 dxc4 5. a4 Bf5 6. e3 e6 7. Bxc4 Bb4 8. O-O
Nbd7 9. Qe2 Bg6 10. e4 Bxc3 11. bxc3 Nxe4 12. Ba3 Qc7 13. Rfc1 Rd8 14. Nh4 Ndf6
15. h3 Rd7 16. Nf3 Nd6 17. Ne5 Re7 18. Bb3 O-O 19. Nc4 Nfe8 20. Bc2 Bxc2 21.
Rxc2 b6 22. Ne3 Rd7 23. c4 c5 24. dxc5 bxc5 25. Ng4 Nf5 26. Qe5 h5 27. Qxc7
Rxc7 28. Ne5 Nd4 29. Rb2 Nf6 30. Rab1 Ne4 31. Rb7 Rfc8 32. f3 Nc3 33. Rxc7 Rxc7
34. Rb8+ Kh7 35. a5 f6 36. Nd3 Nc6 37. Rb3 Ne2+ 38. Kf2 Ned4 39. Rc3 Nxa5 40.
Bxc5 Ndb3 41. Be3 Rxc4 42. Rxc4 Nxc4 43. Bxa7 h4 44. Nc5 Nxc5 45. Bxc5 Kg6 46.
Bf8 Ne5 47. Ke3 Nd7 48. Bb4 Kf5 49. Be1 g5 50. Ba5 Ne5 51. Bd8 Ng6 52. Kf2 Nf4
53. Ba5 Nd5 54. Bd2 Ke5 55. Bc1 Kd4 56. Bd2 Kd3 57. Bc1 e5 58. Bb2 1/2-1/2

[Event "Brasilia BCX op 6th"]
[Site "Brasilia"]
[Date "2002.08.25"]
[Round "1"]
[White "Cubas, Jose Fernando"]
[Black "Matsuura, Everaldo"]
[Result "0-1"]
[WhiteElo "2370"]
[BlackElo "2450"]
[PlyCount "84"]
[EventDate "2002.08.25"]
[EventType "swiss"]
[EventRounds "11"]
[EventCountry "BRA"]
[SourceTitle "CBM 089 Extra"]
[Source "ChessBase"]
[SourceDate "2002.09.10"]
[SourceVersion "2"]
[SourceVersionDate "2002.09.10"]
[SourceQuality "1"]

1. e4 c5 2. f4 d5 3. Nc3 d4 4. Bb5+ Bd7 5. Bxd7+ Qxd7 6. Nce2 d3 7. cxd3 Qxd3
8. Nc3 Nc6 9. Nge2 Nd4 10. Qa4+ b5 11. Qa6 Nc2+ 12. Kf2 Rd8 13. Nxb5 Qxe4 14.
d3 Qg6 15. Nc7+ Kd7 16. Qa4+ Qc6 17. Qxc2 Kxc7 18. Bd2 Kb7 19. Rac1 e6 20. b4
Nf6 21. bxc5 Rd5 22. Qb2+ Ka8 23. Nd4 Bxc5 24. Be3 Qd7 25. Nc2 Ng4+ 26. Ke2
Nxe3 27. Nxe3 Bxe3 28. Kxe3 Rxd3+ 29. Ke2 Rd8 30. Rc2 Qd5 31. Kf2 Qe4 32. Re1
Qxf4+ 33. Kg1 Qd4+ 34. Qxd4 R3xd4 35. Rc7 R4d7 36. Rec1 Kb8 37. R7c2 Rd1+ 38.
Rxd1 Rxd1+ 39. Kf2 Rd7 40. Ke3 Rc7 41. Rb2+ Kc8 42. Kd4 Kd7 0-1

[Event "Brasilia BCX op 6th"]
[Site "Brasilia"]
[Date "2002.08.27"]
[Round "3"]
[White "Cubas, Jose Fernando"]
[Black "De Sa, Antonio Villar"]
[Result "1-0"]
[WhiteElo "2370"]
[BlackElo "2111"]
[PlyCount "55"]
[EventDate "2002.08.25"]
[EventType "swiss"]
[EventRounds "11"]
[EventCountry "BRA"]
[SourceTitle "CBM 089 Extra"]
[Source "ChessBase"]
[SourceDate "2002.09.10"]
[SourceVersion "2"]
[SourceVersionDate "2002.09.10"]
[SourceQuality "1"]

1. e4 c5 2. f4 Nc6 3. Nf3 e6 4. d3 d5 5. Nc3 dxe4 6. dxe4 Qxd1+ 7. Nxd1 g6 8.
Be3 Nb4 9. Kd2 Nf6 10. Nf2 b6 11. Ne5 Ba6 12. Bxa6 Nxa6 13. Rhd1 Bg7 14. c3 O-O
15. Kc2 Nc7 16. a4 Rfd8 17. Rxd8+ Rxd8 18. a5 Ra8 19. Kb3 Nfe8 20. Rd1 Nf6 21.
g4 h6 22. h4 Nfe8 23. Nd7 Bf8 24. Kc2 Nd6 25. axb6 Nc4 26. bxc7 Nxe3+ 27. Kb1
Nxd1 28. Nb8 1-0

[Event "Brasilia BCX op 6th"]
[Site "Brasilia"]
[Date "2002.08.28"]
[Round "5"]
[White "De Andrade, Waldomido"]
[Black "Cubas, Jose Fernando"]
[Result "0-1"]
[WhiteElo "2175"]
[BlackElo "2370"]
[PlyCount "94"]
[EventDate "2002.08.25"]
[EventType "swiss"]
[EventRounds "11"]
[EventCountry "BRA"]
[SourceTitle "CBM 089 Extra"]
[Source "ChessBase"]
[SourceDate "2002.09.10"]
[SourceVersion "2"]
[SourceVersionDate "2002.09.10"]
[SourceQuality "1"]

1. e4 d5 2. exd5 Nf6 3. Bb5+ Bd7 4. Bc4 b5 5. Bb3 a5 6. a4 bxa4 7. Bc4 g6 8.
Nc3 Bg7 9. Nf3 O-O 10. O-O Na6 11. Ne5 Nb4 12. Re1 Be8 13. Nxa4 Nfxd5 14. c3
Nc6 15. Nxc6 Bxc6 16. d4 Re8 17. Qf3 e5 18. dxe5 Bxe5 19. g3 Qf6 20. Qxf6 Bxf6
21. Bd2 Red8 22. Bh6 Rab8 23. Rad1 Nb6 24. Rxd8+ Rxd8 25. Nxb6 cxb6 26. h4 b5
27. Bf1 Rc8 28. Bg5 Bg7 29. Rd1 a4 30. Rd8+ Rxd8 31. Bxd8 b4 32. cxb4 Bxb2 33.
b5 Bd5 34. Bg2 Bxg2 35. Kxg2 a3 36. b6 a2 37. Bc7 Bd4 38. b7 Ba7 39. Be5 Kf8
40. Kf3 Ke7 41. Ke4 Kd7 42. Kd5 Bb8 43. Bf6 h5 44. Bc3 Kc7 45. Ke5 Kxb7+ 46.
Kf6 Kc6 47. Kxf7 Kd5 0-1

[Event "Brasilia BCX op 6th"]
[Site "Brasilia"]
[Date "2002.08.29"]
[Round "6"]
[White "Guimaraes, Wagner Peixoto"]
[Black "Cubas, Jose Fernando"]
[Result "0-1"]
[WhiteElo "2272"]
[BlackElo "2370"]
[PlyCount "118"]
[EventDate "2002.08.25"]
[EventType "swiss"]
[EventRounds "11"]
[EventCountry "BRA"]
[SourceTitle "CBM 089 Extra"]
[Source "ChessBase"]
[SourceDate "2002.09.10"]
[SourceVersion "2"]
[SourceVersionDate "2002.09.10"]
[SourceQuality "1"]

1. d4 d5 2. c4 c6 3. Nf3 Nf6 4. Nc3 a6 5. e3 b5 6. b3 Bg4 7. Be2 e6 8. h3 Bxf3
9. Bxf3 Nbd7 10. O-O Bb4 11. Bb2 Rb8 12. a3 Ba5 13. c5 Bc7 14. e4 dxe4 15. Nxe4
Nd5 16. Qc2 O-O 17. Rfe1 Re8 18. Rad1 f5 19. Nc3 N7f6 20. Nxd5 Nxd5 21. Bc1 Qf6
22. Qd2 h6 23. Bb2 Rbd8 24. Bxd5 exd5 25. Bc3 Bb8 26. Ba5 Rc8 27. Bb6 Re4 28.
f3 Bf4 29. Qf2 Rxe1+ 30. Rxe1 Kf7 31. g3 Bb8 32. f4 Re8 33. Rxe8 Kxe8 34. Qe3+
Kf7 35. Ba5 g5 36. Bd2 gxf4 37. gxf4 Qh4 38. Kg2 Qh5 39. Qf3 Qg6+ 40. Kf2 Qe6
41. Qh5+ Kg7 42. Qh4 Bc7 43. Qg3+ Kf7 44. Qh4 Ke8 45. Qh5+ Kd7 46. Be3 Bd8 47.
Ke2 Ke7 48. Qh4+ Ke8 49. Qh5+ Kf8 50. Kd2 Kg7 51. Qf3 Qe4 52. Qg3+ Kf7 53. h4
h5 54. Bf2 Bf6 55. Qc3 Qxf4+ 56. Be3 Qxh4 57. Qa5 f4 58. Qc7+ Kg6 59. Bxf4
Qxf4+ 0-1

[Event "Brasilia BCX op 6th"]
[Site "Brasilia"]
[Date "2002.08.29"]
[Round "7"]
[White "Cubas, Jose Fernando"]
[Black "Chemin, Vitorio"]
[Result "1-0"]
[WhiteElo "2370"]
[BlackElo "2316"]
[PlyCount "48"]
[EventDate "2002.08.25"]
[EventType "swiss"]
[EventRounds "11"]
[EventCountry "BRA"]
[SourceTitle "CBM 089 Extra"]
[Source "ChessBase"]
[SourceDate "2002.09.10"]
[SourceVersion "2"]
[SourceVersionDate "2002.09.10"]
[SourceQuality "1"]

1. e4 c5 2. f4 Nc6 3. Nf3 e6 4. Nc3 d5 5. Bb5 a6 6. Bxc6+ bxc6 7. d3 Nf6 8. e5
Nd7 9. O-O Be7 10. Qe2 O-O 11. Bd2 a5 12. b3 Nb6 13. a4 f6 14. exf6 gxf6 15.
Rae1 Ra7 16. Kh1 Kh8 17. g4 Rg8 18. g5 Qe8 19. f5 e5 20. Nxe5 Bd7 21. g6 Bxf5
22. Nf7+ Kg7 23. Bh6+ Kxg6 24. Rxf5 Kxf5 1-0

[Event "Brasilia BCX op 6th"]
[Site "Brasilia"]
[Date "2002.08.30"]
[Round "8"]
[White "Coelho, Luis Henrique"]
[Black "Cubas, Jose Fernando"]
[Result "0-1"]
[WhiteElo "2352"]
[BlackElo "2370"]
[PlyCount "79"]
[EventDate "2002.08.25"]
[EventType "swiss"]
[EventRounds "11"]
[EventCountry "BRA"]
[SourceTitle "CBM 089 Extra"]
[Source "ChessBase"]
[SourceDate "2002.09.10"]
[SourceVersion "2"]
[SourceVersionDate "2002.09.10"]
[SourceQuality "1"]

1. e4 d5 2. exd5 Nf6 3. Nf3 Nxd5 4. d4 Bf5 5. Be2 e6 6. O-O Be7 7. a3 O-O 8. c4
Nb6 9. Nc3 Bf6 10. Be3 Nc6 11. Rc1 Qd7 12. b4 Rad8 13. Qb3 Nxd4 14. Bxd4 Bxd4
15. Rcd1 e5 16. Nb5 Qe7 17. c5 Nd5 18. Nbxd4 exd4 19. Nxd4 Be4 20. Rfe1 Qf6 21.
Bf1 Rfe8 22. f3 Nf4 23. Nb5 Bd5 24. Qc2 c6 25. Nd6 Rxe1 26. Rxe1 b6 27. Kh1 h6
28. Ne4 Qe7 29. cxb6 axb6 30. Rc1 Ra8 31. Nc3 Rxa3 32. Nxd5 Nxd5 33. Qxc6 Nxb4
34. Qxb6 Ra8 35. Bc4 Re8 36. Bxf7+ Qxf7 37. Qxb4 Qe7 38. Qd4 Qe3 39. Qc4+ Qe6
40. Qc2 0-1

[Event "Brasilia BCX op 6th"]
[Site "Brasilia"]
[Date "2002.08.31"]
[Round "10"]
[White "Cubas, Jose Fernando"]
[Black "Campelo, Leandro Fabricio"]
[Result "1-0"]
[WhiteElo "2370"]
[BlackElo "2238"]
[PlyCount "127"]
[EventDate "2002.08.25"]
[EventType "swiss"]
[EventRounds "11"]
[EventCountry "BRA"]
[SourceTitle "CBM 089 Extra"]
[Source "ChessBase"]
[SourceDate "2002.09.10"]
[SourceVersion "2"]
[SourceVersionDate "2002.09.10"]
[SourceQuality "1"]

1. e4 e6 2. d4 d5 3. e5 c5 4. c3 Nc6 5. Nf3 Bd7 6. Bd3 cxd4 7. cxd4 Qb6 8. O-O
Nxd4 9. Nxd4 Qxd4 10. Nc3 Qxe5 11. Re1 Qb8 12. Nxd5 Bd6 13. Qg4 Kf8 14. Bd2 h5
15. Qh3 Bc6 16. Ne3 Nf6 17. Bc3 Nd5 18. Nxd5 Bxd5 19. Be4 Bxe4 20. Rxe4 Qc7 21.
Rd1 Bc5 22. Qf3 Kg8 23. Rh4 Rd8 24. Rxh5 Rxd1+ 25. Qxd1 Rxh5 26. Qxh5 Qf4 27.
Qe2 Qc1+ 28. Qe1 Qxe1+ 29. Bxe1 Kh7 30. Kf1 f5 31. Ke2 Kg6 32. Kd3 Kh5 33. f3
g5 34. h3 g4 35. fxg4+ fxg4 36. Ke4 gxh3 37. gxh3 Bd6 38. Bf2 a6 39. a4 Kg6 40.
Be3 b5 41. axb5 axb5 42. b3 Kh5 43. Bf4 Ba3 44. Ke5 Kh4 45. Kxe6 Kxh3 46. Kd5
Kg4 47. Bd6 b4 48. Kc4 Kf5 49. Bxb4 Bc1 50. Kd5 Be3 51. Bc3 Ba7 52. Bd4 Bb8 53.
b4 Bf4 54. b5 Bc7 55. Kc6 Ba5 56. Bb6 Bd2 57. Bc7 Be3 58. Bd6 Ke6 59. Bc5 Bf4
60. b6 Bg3 61. b7 Bb8 62. Bb6 Ke7 63. Bc7 Ba7 64. Kb5 1-0

[Event "Brasilia BCX op 6th"]
[Site "Brasilia"]
[Date "2002.09.01"]
[Round "11"]
[White "Caldeira, Adriano"]
[Black "Cubas, Jose Fernando"]
[Result "1-0"]
[WhiteElo "2334"]
[BlackElo "2370"]
[PlyCount "55"]
[EventDate "2002.08.25"]
[EventType "swiss"]
[EventRounds "11"]
[EventCountry "BRA"]
[SourceTitle "CBM 089 Extra"]
[Source "ChessBase"]
[SourceDate "2002.09.10"]
[SourceVersion "2"]
[SourceVersionDate "2002.09.10"]
[SourceQuality "1"]

1. e4 d5 2. exd5 Nf6 3. d4 Nxd5 4. Nf3 Bf5 5. Bd3 Bxd3 6. Qxd3 c6 7. c4 Nf6 8.
O-O e6 9. b3 Be7 10. Bb2 O-O 11. Nc3 Nbd7 12. Rad1 Qc7 13. Rfe1 Rfe8 14. g3
Rad8 15. Qc2 a6 16. Re2 c5 17. d5 exd5 18. Nxd5 Nxd5 19. Rxd5 Bf6 20. Rxe8+
Rxe8 21. Qf5 Re6 22. Bxf6 gxf6 23. h4 b6 24. Nh2 Rd6 25. Qf4 Ne5 26. Ng4 Rxd5
27. Nxf6+ Kg7 28. Ne8+ 1-0

[Event "Itau Mercosul Cup 6th"]
[Site "Sao Paulo"]
[Date "2002.09.30"]
[Round "4"]
[White "Korneev, Oleg"]
[Black "Cubas, Jose Fernando"]
[Result "1-0"]
[WhiteElo "2583"]
[BlackElo "2370"]
[PlyCount "39"]
[EventDate "2002.09.28"]
[EventType "swiss"]
[EventRounds "9"]
[EventCountry "BRA"]
[SourceTitle "CBM 090 Extra"]
[Source "ChessBase"]
[SourceDate "2002.11.07"]
[SourceVersion "1"]
[SourceVersionDate "2002.11.07"]
[SourceQuality "1"]

1. e4 d5 2. exd5 Nf6 3. Nf3 Nxd5 4. d4 Bf5 5. Bd3 Bg6 6. O-O e6 7. c4 Nf6 8.
Nc3 Be7 9. Bf4 O-O 10. Bxg6 hxg6 11. Qe2 Nbd7 12. Rad1 c6 13. a3 Re8 14. Rd3
Qa5 15. Ne5 Rad8 16. Rfd1 Qa6 17. Bg5 Nd5 18. cxd5 Bxg5 19. Ne4 Bf6 20. Nxd7
1-0

[Event "Itau Mercosul Cup 6th"]
[Site "Sao Paulo"]
[Date "2002.10.03"]
[Round "7"]
[White "Cubas, Jose Fernando"]
[Black "Leitao, Rafael Duailibe"]
[Result "0-1"]
[WhiteElo "2370"]
[BlackElo "2558"]
[PlyCount "54"]
[EventDate "2002.09.28"]
[EventType "swiss"]
[EventRounds "9"]
[EventCountry "BRA"]
[SourceTitle "CBM 090 Extra"]
[Source "ChessBase"]
[SourceDate "2002.11.07"]
[SourceVersion "1"]
[SourceVersionDate "2002.11.07"]
[SourceQuality "1"]

1. f4 d5 2. Nf3 g6 3. d3 Bg7 4. c3 c5 5. Qc2 Nf6 6. g3 O-O 7. Bg2 Nc6 8. O-O d4
9. c4 e5 10. fxe5 Ng4 11. h3 Ngxe5 12. Nxe5 Bxe5 13. Bf4 Bxf4 14. Rxf4 Qg5 15.
Kh2 Re8 16. Qd2 Bd7 17. Na3 Re7 18. Rd1 Rae8 19. Re4 Qh5 20. g4 Qh4 21. Qe1
Qxe1 22. Rxe1 Nb4 23. Rxe7 Rxe7 24. Be4 Bc6 25. Nb5 Bxe4 26. dxe4 Rxe4 27. Nd6
Re7 0-1

[Event "Itau Mercosul Cup 6th"]
[Site "Sao Paulo"]
[Date "2002.10.05"]
[Round "9"]
[White "Cubas, Jose Fernando"]
[Black "Patriarca, Luis"]
[Result "1-0"]
[WhiteElo "2370"]
[BlackElo "2285"]
[PlyCount "75"]
[EventDate "2002.09.28"]
[EventType "swiss"]
[EventRounds "9"]
[EventCountry "BRA"]
[SourceTitle "CBM 090 Extra"]
[Source "ChessBase"]
[SourceDate "2002.11.07"]
[SourceVersion "1"]
[SourceVersionDate "2002.11.07"]
[SourceQuality "1"]

1. e4 c6 2. d4 d5 3. e5 Bf5 4. Ne2 e6 5. Nf4 h6 6. g4 Bh7 7. Bg2 Nd7 8. O-O Ne7
9. Be3 Qc7 10. Nc3 Ng6 11. Nxg6 Bxg6 12. f4 O-O-O 13. f5 Bh7 14. Ne2 Qb6 15.
Qc1 Kb8 16. c4 Qa6 17. b3 Nb6 18. fxe6 fxe6 19. Nf4 Ba3 20. Qc3 dxc4 21. Nxe6
Rd7 22. b4 Qa4 23. Nc5 Qxb4 24. Qxb4 Bxb4 25. Nxd7+ Nxd7 26. Rf7 Nb6 27. Rxg7
Bd3 28. a3 Bc3 29. Ra2 Be1 30. e6 c3 31. Bf4+ Ka8 32. e7 Bc4 33. Ra1 Bh4 34. g5
hxg5 35. Bxg5 Bxg5 36. Rxg5 Re8 37. Rc1 Kb8 38. Re5 1-0

[Event "Bled ol (Men)"]
[Site "Bled"]
[Date "2002.10.27"]
[Round "2.2"]
[White "Cubas, Jose Fernando"]
[Black "Nedev, Trajce"]
[Result "0-1"]
[WhiteElo "2430"]
[BlackElo "2481"]
[PlyCount "106"]
[EventDate "2002.10.26"]
[EventType "team-swiss"]
[EventRounds "14"]
[EventCountry "SLO"]
[SourceTitle "EXT 2003"]
[Source "ChessBase"]
[SourceDate "2002.11.25"]
[SourceVersion "1"]
[SourceVersionDate "2002.11.25"]
[SourceQuality "1"]
[WhiteTeam "Paraguay"]
[BlackTeam "Macedonia"]
[WhiteTeamCountry "PAR"]
[BlackTeamCountry "MKD"]

1. e4 c5 2. f4 d5 3. Nc3 d4 4. Nce2 Nc6 5. d3 e6 6. Nf3 f5 7. Ng3 Nf6 8. Be2
Be7 9. Ne5 Nxe5 10. fxe5 Nd7 11. Bh5+ g6 12. exf5 exf5 13. Nxf5 O-O 14. Nxe7+
Qxe7 15. Bf3 Nxe5 16. O-O Nxf3+ 17. gxf3 Bh3 18. Re1 Qh4 19. Re5 Rae8 20. Bg5
Qh5 21. f4 Qxd1+ 22. Rxd1 Rxe5 23. fxe5 Rf5 24. Bh4 Kf7 25. Re1 Ke6 26. Bf2 Rf4
27. Bg3 Rg4 28. Kh1 h5 29. Rg1 g5 30. Be1 Kxe5 31. Rg3 Rxg3 32. Bxg3+ Kd5 33.
Kg1 Bf5 34. Kf2 h4 35. Bc7 g4 36. Ke2 b5 37. Bd8 g3 38. h3 g2 39. Kf2 Bxh3 40.
Bxh4 c4 41. Bf6 b4 42. Kg1 a5 43. Bh4 a4 44. Be1 c3 45. bxc3 dxc3 46. Kh2 a3
47. Bf2 Bf5 48. Kxg2 Bxd3 49. Kf3 Bxc2 50. Ke2 Kc4 51. Be1 b3 52. axb3+ Kxb3
53. Bxc3 Kxc3 0-1